MARC

LEADER 00000cam a2200000 c 4500
001 27362444X
003 DE-627
005 20251222212507.0
007 tu
008 910731s1991 it ||||| 00| ||ita c
020 |a 8885876137  |9 88-85876-13-7 
035 |a (DE-627)27362444X 
035 |a (DE-576)025068156 
035 |a (DE-599)GBV27362444X 
035 |a (OCoLC)231208856 
035 |a (OCoLC)23540097 
035 |a (OCoLC)23540097 
035 |a (DE-604)8044688482 
040 |a DE-627  |b ger  |c DE-627  |e rakwb 
041 |a ita 
044 |c XA-IT 
050 0 |a BX1544 
082 0 |a 282/.45/0902 
084 |a 1  |2 ssgn 
084 |a BO 1520  |2 rvk  |0 (DE-625)rvk/13998: 
084 |a BO 4210  |2 rvk  |0 (DE-625)rvk/14425: 
084 |a 11.00  |2 bkl 
100 1 |0 (DE-588)133653722  |0 (DE-627)550670084  |0 (DE-576)16457395X  |4 aut  |a Settia, Aldo A.  |d 1932- 
109 |a Settia, Aldo A. 1932- 
245 1 0 |a Chiese, strade e fortezze nell'Italia medievale  |c Aldo A. Settia 
264 1 |a Roma  |b Herder  |c 1991 
300 |a X, 427 S.  |b Ill. 
336 |a Text  |b txt  |2 rdacontent 
337 |a ohne Hilfsmittel zu benutzen  |b n  |2 rdamedia 
338 |a Band  |b nc  |2 rdacarrier 
490 1 |a Italia sacra  |v 46 
500 |a Essays originally published 1970-1988; one essay in French 
583 1 |a Archivierung/Langzeitarchivierung gewährleistet  |f SSG  |x XA-DE-BW  |2 pdager  |5 DE-21 
583 1 |a Archivierung prüfen  |c 20240324  |f DE-4165  |z 2  |2 pdager 
653 0 |a Catholic Church  |a Italy  |a History 
653 0 |a Italy  |a Church history  |a 476-1400 
653 0 |a Fortification  |a Italy  |a History 
653 0 |a Roads  |a Italy  |a History 
655 7 |a Aufsatzsammlung  |0 (DE-588)4143413-4  |0 (DE-627)105605727  |0 (DE-576)209726091  |2 gnd-content 
689 0 0 |d g  |0 (DE-588)4027833-5  |0 (DE-627)106283235  |0 (DE-576)208972501  |2 gnd  |a Italien 
689 0 1 |d s  |0 (DE-588)4073436-5  |0 (DE-627)104791268  |0 (DE-576)209190450  |2 gnd  |a Kirchenbau 
689 0 2 |q z  |2 gnd  |a Geschichte 500-1500 
689 0 |5 (DE-627) 
689 1 0 |d g  |0 (DE-588)4027833-5  |0 (DE-627)106283235  |0 (DE-576)208972501  |2 gnd  |a Italien 
689 1 1 |d s  |0 (DE-588)4016934-0  |0 (DE-627)104152338  |0 (DE-576)208917810  |2 gnd  |a Festung 
689 1 2 |q z  |2 gnd  |a Geschichte 500-1500 
689 1 |5 (DE-627) 
689 2 0 |d g  |0 (DE-588)4027833-5  |0 (DE-627)106283235  |0 (DE-576)208972501  |2 gnd  |a Italien 
689 2 1 |q z  |2 gnd  |a Kirchengeschichte 500-1500 
689 2 |5 (DE-627) 
787 0 8 |i Rezensiert in  |a Hallenbeck, Jan T.  |t [Rezension von: Settia, Aldo A., Chiese, strade e fortezze nell'Italia medievale]  |d 1992  |w (DE-627)1784356530 
787 0 8 |i Rezensiert in  |a Law, John E.  |t Chiese, strade e fortezze nell' Italia medievale. By Aldo A. Settia. (Italia Sacra. Studie Documenti di Storia Ecclesiastica, 46.) Pp. xi + 427. Rome: Herder. 1991. L. 60,000. 8885876 13 7  |d 1993  |w (DE-627)178470038X 
830 0 |a Italia sacra  |v 46  |9 4600  |w (DE-627)129977179  |w (DE-576)00359985X  |w (DE-600)411462-0  |7 am 
889 |w (DE-627)026264226 
935 |a mteo 
935 |i mdedup 
935 |i Blocktest 
936 r v |a BO 1520  |b Reihen zum Gesamtgebiet der Kirchengeschichte  |k Theologie und Religionswissenschaften  |k Patrologie und Kirchengeschichte  |k Schriftenreihen  |k Reihen zum Gesamtgebiet der Kirchengeschichte  |0 (DE-627)1270743767  |0 (DE-625)rvk/13998:  |0 (DE-576)200743767 
936 r v |a BO 4210  |b Nach Ländern  |k Theologie und Religionswissenschaften  |k Patrologie und Kirchengeschichte  |k Kirchengeschichte nach Perioden  |k Geschichte der Kirche im Mittelalter  |k Darstellungen  |k Mittelalter insgesamt  |k Zusammenfassende Darstellungen  |k Nach Ländern  |0 (DE-627)1270747029  |0 (DE-625)rvk/14425:  |0 (DE-576)200747029 
936 b k |a 11.00  |j Theologie  |j Religionswissenschaft: Allgemeines  |q coli-conc NSK->BK  |q https://coli-conc.gbv.de/api/mappings/f84af606-91a3-411d-b6bd-06d818fa3caf  |0 (DE-627)106415271 
951 |a BO 
ACO |a 1 
ELC |b 1 
ITA |a 1  |t 1 
LOK |0 000 xxxxxcx a22 zn 4500 
LOK |0 001 3072582866 
LOK |0 003 DE-627 
LOK |0 004 27362444X 
LOK |0 005 19910926000000 
LOK |0 008 910926||||||||||||||||ger||||||| 
LOK |0 040   |a DE-21  |c DE-627  |d DE-21 
LOK |0 852   |a DE-21 
LOK |0 852 1  |c 31 A 8165  |9 00 
LOK |0 935   |a theo 
LOK |0 936ln  |a t3.2 
LOK |0 939   |a 26-09-91  |b l01 
ORI |a SA-MARC-ixtheoa001.raw 
STA 0 0 |a Church building,Church building,Church space,Architecture,Liturgical space,Church architecture,Fortress,Fort,Southern Italy (motif),Italy,Italy,Italy,Italy,Lower Italy,Mezzogiorno,Southern Italy,Northwestern Italy 
STB 0 0 |a Forteresse,Sud de l'Italie (motif),Italie,Église,Église,Architecture religieuse 
STC 0 0 |a Fortaleza,Iglesia,Iglesia,Italia 
STD 0 0 |a Edificio della chiesa <motivo>,Edificio della chiesa,Chiesa (edificio),Chiesa,Chiesa (edificio, motivo),Chiesa,Fortificazione,Italia 
STE 0 0 |a 堡垒,要塞,教堂建筑,教堂建筑,礼拜堂,教堂,礼拜堂,教堂 
STF 0 0 |a 堡壘,要塞,教堂建築,教堂建築,禮拜堂,教堂,禮拜堂,教堂 
STG 0 0 |a Fortaleza,Igreja,Igreja,Itália 
STH 0 0 |a Италия (мотив),Крепость,Строение церкви (мотив),Строение церкви 
STI 0 0 |a Εκκλησιαστικό κτήριο <μοτίβο>,Εκκλησιαστικό κτήριο,Εκκλησία (κτήριο),Εκκλησία (κτήριο, μοτίβο),Ιταλία (μοτίβο),Οχύρωμα,Οχύρωση 
SYG 0 0 |a Italy , Italia,Königreich Italien,Repubblica Italiana,Italiya Respublikasi,Italijos Respublika,Olaszorszaǵ,Olasz Koz̈taŕsasaǵ,Regno d'Italia,Italienische Republik,République Italienne,Yidali-gongheguo,Italy , Gotteshaus,Kirche <Gebäude>,Kirchengebäude,Kirchenraum,Kirchen <Gebäude>,Gotteshaus,Kirche,Kirchengebäude,Kirchenraum,Kirchen , Italy , Italia,Königreich Italien,Repubblica Italiana,Italiya Respublikasi,Italijos Respublika,Olaszorszaǵ,Olasz Koz̈taŕsasaǵ,Regno d'Italia,Italienische Republik,République Italienne,Yidali-gongheguo,Italy , Festungsbau,Festungen,Festungsanlage , Italy , Italia,Königreich Italien,Repubblica Italiana,Italiya Respublikasi,Italijos Respublika,Olaszorszaǵ,Olasz Koz̈taŕsasaǵ,Regno d'Italia,Italienische Republik,République Italienne,Yidali-gongheguo,Italy 
TIM |a 100005000101_100015001231  |b Geschichte 500-1500